<?xml version="1.0" encoding="UTF-8"?>
<record
    xmlns:xsi="http://www.w3.org/2001/XMLSchema-instance"
    xsi:schemaLocation="http://www.loc.gov/MARC21/slim http://www.loc.gov/standards/marcxml/schema/MARC21slim.xsd"
    xmlns="http://www.loc.gov/MARC21/slim">

  <leader>01988nam a22002297a 4500</leader>
  <datafield tag="999" ind1=" " ind2=" ">
    <subfield code="c">22059</subfield>
    <subfield code="d">22059</subfield>
  </datafield>
  <controlfield tag="003">AR-CdUCM</controlfield>
  <controlfield tag="008">190425b           ||||| |||| 00| 0 spa d</controlfield>
  <datafield tag="040" ind1=" " ind2=" ">
    <subfield code="a">MUNICIPALIDAD PROVINCIAL DEL CUSCO</subfield>
    <subfield code="c">BIBLIOTECA MUNICIPAL DEL CUSCO</subfield>
  </datafield>
  <datafield tag="082" ind1=" " ind2=" ">
    <subfield code="a">CsyArts/N&#xB0;4/1966</subfield>
  </datafield>
  <datafield tag="245" ind1=" " ind2=" ">
    <subfield code="a">Ciencias y Artes :</subfield>
    <subfield code="b">Revista Cultural del colegio Nacional de Ciencias /</subfield>
  </datafield>
  <datafield tag="260" ind1=" " ind2=" ">
    <subfield code="a">Cusco.</subfield>
    <subfield code="b">Garcilaso,</subfield>
    <subfield code="c">1966.</subfield>
  </datafield>
  <datafield tag="300" ind1=" " ind2=" ">
    <subfield code="a">280 p&#xE1;ginas. :</subfield>
    <subfield code="c">24 cm.</subfield>
  </datafield>
  <datafield tag="440" ind1=" " ind2=" ">
    <subfield code="a">Revista Cultural del Colegio Nacional de Ciencias.</subfield>
    <subfield code="n">N&#xFA;mero 4,  1966.</subfield>
    <subfield code="9">47316</subfield>
  </datafield>
  <datafield tag="505" ind1=" " ind2=" ">
    <subfield code="a">Contenido: Los padres de familia frente a la educaci&#xF3;n actual. Cesar Rojas. -- Jos&#xE9; G&#xE1;lvez Egusquiza. Alcides F. Estrada. -- Concepci&#xF3;n del mestizo americano. Alfredo Y&#xE9;pez Miranda. -- El burro en la tradici&#xF3;n cienciana y resumen hist&#xF3;rico del colegio. Max Galdo Gamio. -- Homenaje a Tupac Amaru II. Cesar S&#xE1;nchez Esquivel. -- Calca y el centenario del dos de mayo. Alcides F. Estrada. -- Las ideas generales. Mois&#xE9;s Tello Palomino. -- Costumbres de mi tierra. Miguel Sotomayor. -- Tupac Amaru II precursor de la independencia de Am&#xE9;rica. Mario &gt;Chavarr&#xED;a. -- Jos&#xE9; Marti la danza de un hombre en busca de la libertad. Luis Velazco Arag&#xF3;n. -- Algunas consideraciones sobre el proceso ense&#xF1;anza aprendizaje. V&#xED;ctor Segovia. -- Una deuda de los ciencianos con el plantel. Rafael Calder&#xF3;n. -- El Arte y la educaci&#xF3;n art&#xED;stica. Eduardo Pimentel. -- La vieja casa cienciana. Luis Felipe Paredes. -- El Tuco cuento regional premiado en Buenos Aires. Humberto Pacheco P. -- Palabras de despedida por el alumno Alipio Le&#xF3;n Abarca. -- Clorinda Matto de Turner. Edmundo Pimentel. -- La promoci&#xF3;n cienciana de 1920. Julio G. Guti&#xE9;rrez. --  Tres cantos a las glorias de ciencias. &#xC1;ngel Avenda&#xF1;o....</subfield>
  </datafield>
  <datafield tag="650" ind1=" " ind2=" ">
    <subfield code="a">Educaci&#xF3;n</subfield>
    <subfield code="9">460</subfield>
  </datafield>
  <datafield tag="650" ind1=" " ind2=" ">
    <subfield code="a">Colegio Nacional de Ciencias</subfield>
    <subfield code="9">32159</subfield>
  </datafield>
  <datafield tag="700" ind1=" " ind2=" ">
    <subfield code="a">Estrada, Alcides</subfield>
    <subfield code="9">47179</subfield>
  </datafield>
  <datafield tag="700" ind1=" " ind2=" ">
    <subfield code="a">Galdo Gamio, Max</subfield>
    <subfield code="9">47317</subfield>
  </datafield>
  <datafield tag="700" ind1=" " ind2=" ">
    <subfield code="a">Y&#xE9;pez Miranda, Alfredo</subfield>
    <subfield code="9">4230</subfield>
  </datafield>
  <datafield tag="942" ind1=" " ind2=" ">
    <subfield code="2">ddc</subfield>
    <subfield code="c">PP</subfield>
  </datafield>
  <datafield tag="945" ind1=" " ind2=" ">
    <subfield code="a">rac</subfield>
  </datafield>
  <datafield tag="952" ind1=" " ind2=" ">
    <subfield code="0">0</subfield>
    <subfield code="2">ddc</subfield>
    <subfield code="4">0</subfield>
    <subfield code="7">0</subfield>
    <subfield code="a">HEM</subfield>
    <subfield code="b">HEM</subfield>
    <subfield code="c">CART</subfield>
    <subfield code="d">2022-02-28</subfield>
    <subfield code="g">10.00</subfield>
    <subfield code="o">CsyArts/N&#xB0;4/1966</subfield>
    <subfield code="p">REVC000640</subfield>
    <subfield code="r">2022-02-28</subfield>
    <subfield code="y">PP</subfield>
  </datafield>
  <datafield tag="952" ind1=" " ind2=" ">
    <subfield code="0">0</subfield>
    <subfield code="2">ddc</subfield>
    <subfield code="4">0</subfield>
    <subfield code="7">0</subfield>
    <subfield code="a">HEM</subfield>
    <subfield code="b">HEM</subfield>
    <subfield code="c">CART</subfield>
    <subfield code="d">2022-02-28</subfield>
    <subfield code="g">10.00</subfield>
    <subfield code="o">CsyArts/N&#xB0;4/1966/e.2</subfield>
    <subfield code="p">REVC000641</subfield>
    <subfield code="r">2022-02-28</subfield>
    <subfield code="y">PP</subfield>
  </datafield>
</record>
